Liquid chromatography of polymers and releated materials (Record no. 37309)

MARC details
000 -LEADER
fixed length control field 00345nam a2200121Ia 4500
082 ## - DEWEY DECIMAL CLASSIFICATION NUMBER
Classification number 543.544:678
Item number CAZ
245 #0 - TITLE STATEMENT
Title Liquid chromatography of polymers and releated materials
260 ## - PUBLICATION, DISTRIBUTION, ETC. (IMPRINT)
Place of publication New York
Name of publisher Marcel Dekker
Year of publication 1981
650 ## - SUBJECT ADDED ENTRY--TOPICAL TERM
Topical Term Liquid chromatography
700 ## - ADDED ENTRY--PERSONAL NAME
Personal name Cazes, Jack
942 ## - ADDED ENTRY ELEMENTS (KOHA)
Koha item type Books
Holdings
Withdrawn status Lost status Damaged status Not for loan Home library Current library Date acquired Cost, normal purchase price Full call number Accession Number Koha item type
        RRII Library RRII Library 16/12/2021 45.00 543.544:678 CAZ 17695 Books